Manimahesh / (Record no. 129661)
[ view plain ]
| 000 -LEADER | |
|---|---|
| fixed length control field | 00876nam a22002657a 4500 |
| 003 - CONTROL NUMBER IDENTIFIER | |
| control field | dpl |
| 005 - DATE AND TIME OF LATEST TRANSACTION | |
| control field | 20180528132638.0 |
| 008 - FIXED-LENGTH DATA ELEMENTS--GENERAL INFORMATION | |
| fixed length control field | 180528b xxu||||| |||| 00| 0 eng d |
| 010 ## - LIBRARY OF CONGRESS CONTROL NUMBER | |
| LC control number | B-222074 |
| 020 ## - INTERNATIONAL STANDARD BOOK NUMBER | |
| Terms of availability | 80.00 |
| International Standard Book Number | 8126021993 |
| 035 ## - SYSTEM CONTROL NUMBER | |
| System control number | B-222074, B-222079 |
| 037 ## - SOURCE OF ACQUISITION | |
| Source of stock number/acquisition | Cen Lib/Ret |
| 040 ## - CATALOGING SOURCE | |
| Original cataloging agency | DPL |
| Language of cataloging | EN |
| Transcribing agency | 0 |
| 082 ## - DEWEY DECIMAL CLASSIFICATION NUMBER | |
| Classification number | 915.4 |
| Item number | MUK |
| 100 ## - MAIN ENTRY--PERSONAL NAME | |
| Personal name | Mukhopadhyay, Umaprasad |
| 9 (RLIN) | 27054 |
| 245 ## - TITLE STATEMENT | |
| Title | Manimahesh / |
| Statement of responsibility, etc | by Umaprasad Mukhopadhyay ; translated from the Bengali by Sanjukta Dasgupta |
| 260 ## - PUBLICATION, DISTRIBUTION, ETC. (IMPRINT) | |
| Place of publication, distribution, etc | New Delhi |
| Name of publisher, distributor, etc | Sahitya Akademi |
| Date of publication, distribution, etc | 2006 |
| 270 ## - ADDRESS | |
| Address | Rabindra Bhavan ,35, Ferozeshah Road |
| City | New Delhi |
| Postal code | 110001 |
| 300 ## - PHYSICAL DESCRIPTION | |
| Extent | 194p. |
| Dimensions | 21cm(Hb) |
| 490 ## - SERIES STATEMENT | |
| Series statement | Akademi Award-Winning bangali travelogue |
| 650 ## - SUBJECT ADDED ENTRY--TOPICAL TERM | |
| Topical term or geographic name as entry element | Travel |
| 9 (RLIN) | 25007 |
| 650 ## - SUBJECT ADDED ENTRY--TOPICAL TERM | |
| Topical term or geographic name as entry element | Himachal Pradesh |
| Geographic subdivision | India |
| 9 (RLIN) | 27055 |
| 700 ## - ADDED ENTRY--PERSONAL NAME | |
| Personal name | Dasgupta, Sanjukta |
| 9 (RLIN) | 108943 |
| 942 ## - ADDED ENTRY ELEMENTS (KOHA) | |
| Source of classification or shelving scheme | Dewey Decimal Classification |
| Koha item type | English Books |
| Classification part | 915.4 |
| Call number suffix | MUK |
| Withdrawn status | Lost status | Source of classification or shelving scheme | Damaged status | Not for loan | Home library | Current library | Date acquired | Source of acquisition | Cost, normal purchase price | Total Checkouts | Full call number | Barcode | Date last seen | Copy number | Cost, replacement price | Price effective from | Koha item type | Collection code | Date checked out | Total Renewals |
|---|---|---|---|---|---|---|---|---|---|---|---|---|---|---|---|---|---|---|---|---|
| Dewey Decimal Classification | Central Library | Central Library | 07/07/2015 | Cen Lib/Ret | 80.00 | 915.4 MUK | B-222074 | 07/07/2015 | 1 | 80.00 | 07/07/2015 | English Books | ||||||||
| Dewey Decimal Classification | Sarojini Nagar | Sarojini Nagar | 10/10/2018 | 1 | 915.4 MUK | B-222077 | 17/12/2022 | 10/10/2018 | English Books | Non-fiction | 05/11/2022 | 1 | ||||||||
| Dewey Decimal Classification | Shahdara Branch | Shahdara Branch | 28/05/2018 | BPPD/PUB | 80.00 | 1 | 915.4 MUK | B-222079 | 03/02/2022 | 80.00 | 28/05/2018 | English Books | Non-fiction | 18/01/2022 |
